Online
Catalog

La gran armada colonizadora de Nicolás de Ovando : (Record no. 44874)

MARC details
000 -CABECERA
campo de control de longitud fija 02200nam a2200397 i 4500
001 - NÚMERO DE CONTROL
campo de control 000045385
003 - IDENTIFICADOR DEL NÚMERO DE CONTROL
campo de control DO-SdBNP
005 - FECHA Y HORA DE LA ÚLTIMA TRANSACCIÓN
campo de control 20260316110827.0
007 - CAMPO FIJO DE DESCRIPCIÓN FÍSICA--INFORMACIÓN GENERAL
campo de control de longitud fija ta
008 - DATOS DE LONGITUD FIJA--INFORMACIÓN GENERAL
campo de control de longitud fija 150305s2014 dr ac 000 0 spa d
020 ## - NÚMERO INTERNACIONAL ESTÁNDAR DEL LIBRO
Número Internacional Estándar del Libro 9789945891485
040 ## - FUENTE DE LA CATALOGACIÓN
Centro catalogador/agencia de origen DO-SdBNP
Lengua de catalogación spa
Centro/agencia transcriptor BNPHU
Normas de descripción rda
041 ## - CÓDIGO DE LENGUA
Código de lengua original spa
082 #4 - NÚMERO DE LA CLASIFICACIÓN DECIMAL DEWEY
Número de clasificación 972.9302
Número de documento/Ítem M672g
Número de edición 22
100 1# - ENTRADA PRINCIPAL--NOMBRE DE PERSONA
Nombre de persona Mira Caballos, Esteban,
Término indicativo de función/relación autor
Código de función/relación aut.
9 (RLIN) 73421
245 13 - MENCIÓN DE TÍTULO
Título La gran armada colonizadora de Nicolás de Ovando :
Resto del título 1501-1502 /
Mención de responsabilidad, etc. Esteban Mira Caballos ; edición e índice onomástico, Jesús R. Navarro Zerpa.
250 ## - MENCIÓN DE EDICIÓN
Mención de edición Primera edición
264 #1 - PRODUCCIÓN, PUBLICACIÓN, DISTRIBUCIÓN, FABRICACIÓN Y COPYRIGHT
Producción, publicación, distribución, fabricación y copyright Santo Domingo, República Dominicana :
Nombre del de productor, editor, distribuidor, fabricante Academia Dominicana de la Historia,
Fecha de producción, publicación, distribución, fabricación o copyright 2014.
300 ## - DESCRIPCIÓN FÍSICA
Extensión 457 páginas :
Otras características físicas ilustraciones ;
Dimensiones 23 cm.
336 ## - TIPO DE CONTENIDO
Término de tipo de contenido texto
Código de tipo de contenido txt
Fuente rdacontent
337 ## - TIPO DE MEDIO
Nombre/término del tipo de medio sin mediación
Código del tipo de medio n
Fuente rdamedia
338 ## - TIPO DE SOPORTE
Nombre/término del tipo de soporte volumen
Código del tipo de soporte nc
Fuente rdacarrier
490 0# - MENCIÓN DE SERIE
Mención de serie Academia Dominicana de la Historia
Designación de volumen o secuencia 121
500 ## - NOTA GENERAL
Nota general Incluye datos biográficos del autor en la solapa de la contracubierta.
500 ## - NOTA GENERAL
Nota general Incluye referencias bibliográficas, notas al pie de las páginas e índice onomástico
504 ## - NOTA DE BIBLIOGRAFÍA, ETC.
Nota de bibliografía, etc. Bibliografía : páginas 407-419
505 2# - NOTA DE CONTENIDO CON FORMATO
Nota de contenido con formato $a Apéndice I. Listado de pasajeros y tripulantes identificados -- Apéndice II. Pasajeros muy dudosos o descartados -- Apéndice III. Noticias sobre la armada del gobernador Nicolás de Ovando, tomadas en extracto por Juan Bautista Muñoz -- Apéndice IV. Extracto del libro de armada por Fernando Belmonte y Clemente, 1886 -- Apéndice V. Enseres que se compraron para los Franciscanos , según transcripción de Fray Ángel Ortega -- Apéndice VI. Listado de contratos de trabajadores -- Apéndice VII. Registro de salida de la nao Santa Catalina, Santo Domingo, 20 de septiembre de 1505 -- Apéndice VIII. Arraigo de los pasajeros y tripulantes.
590 ## - NOTA LOCAL (RLIN)
Nota local Inventariado, 2025/DG
600 10 - PUNTO DE ACCESO ADICIONAL DE MATERIA--NOMBRE DE PERSONA
Nombre de persona Ovando, Nicolás de,
Fechas asociadas al nombre aproximadamente 1460-1511
Subdivisión general Viajes
Subdivisión geográfica La Española
9 (RLIN) 89208
651 #0 - PUNTO DE ACCESO ADICIONAL DE MATERIA--NOMBRE GEOGRÁFICO
Nombre geográfico La Española
9 (RLIN) 89209
651 #7 - PUNTO DE ACCESO ADICIONAL DE MATERIA--NOMBRE GEOGRÁFICO
Nombre geográfico La Española
Subdivisión general Historia
9 (RLIN) 89210
651 #7 - PUNTO DE ACCESO ADICIONAL DE MATERIA--NOMBRE GEOGRÁFICO
Nombre geográfico España
Subdivisión general Colonias
Subdivisión geográfica América
9 (RLIN) 58954
700 1# - PUNTO DE ACCESO ADICIONAL--NOMBRE DE PERSONA
Nombre de persona Navarro Zerpa, Jesús R.,
Término indicativo de función/relación editor
Código de función/relación ed.
9 (RLIN) 73422
910 ## - DATOS DE OPCIÓN DEL USUARIO (OCLC)
Datos de opción del usuario DG
942 ## - ELEMENTOS DE PUNTO DE ACCESO ADICIONAL (KOHA)
Fuente del sistema de clasificación o colocación Dewey Decimal Classification
Tipo de ítem Koha Libro
Holdings
Estado de retiro Estado de pérdida Fuente del sistema de clasificación o colocación Restricciones de uso No para préstamo Código de colección Localización permanente Ubicación/localización actual Ubicación en estantería Fecha de adquisición Fuente de adquisición Total de préstamos Signatura topográfica completa Código de barras Fecha visto por última vez Número de copia Precio válido a partir de Tipo de ítem Koha Nota pública
    Dewey Decimal Classification Préstamo en sala   Dominicana de Servicio Biblioteca Nacional Pedro Henríquez Ureña Biblioteca Nacional Pedro Henríquez Ureña Depósito 05.03.2015 Depósito Legal   BNPHU DS 972.9302 M672g 45385-30 25.06.2020 e.3 25.06.2020 Libro  
    Dewey Decimal Classification Excluido de préstamo   Patrimonio Dominicano Biblioteca Nacional Pedro Henríquez Ureña Biblioteca Nacional Pedro Henríquez Ureña Depósito 05.03.2015 Depósito Legal   BNPHU PD 972.9302 M672g 45385-10 25.06.2020   25.06.2020 Libro  
    Dewey Decimal Classification Excluido de préstamo   Patrimonio Dominicano Biblioteca Nacional Pedro Henríquez Ureña Biblioteca Nacional Pedro Henríquez Ureña Depósito 05.03.2015 Depósito Legal   BNPHU PD 972.9302 M672g 45385-20 25.06.2020 e.2 25.06.2020 Libro  
    Dewey Decimal Classification Préstamo en sala   Dominicana de Servicio Biblioteca Nacional Pedro Henríquez Ureña Biblioteca Nacional Pedro Henríquez Ureña Depósito 23.01.2025 Donado por la Presidencia de la República Dominicana 2023.   BNPHU DS 972.9302 M672g 2025-0368 23.01.2025 e.4 23.01.2025 Libro Pertenecio a la biblioteca personal de Emilio Cordero Michel.
    Dewey Decimal Classification Préstamo en sala   Dominicana de Servicio Biblioteca Nacional Pedro Henríquez Ureña Biblioteca Nacional Pedro Henríquez Ureña Depósito 13.02.2026 Donación   BNPHU DS 972.9302 M672g 2026-1106 13.02.2026 e.5 13.02.2026 Libro Perteneció a la biblioteca personal de Mónica Despradel.

Powered by Koha